000 01140nam0a2200301 i 4500
001 RU\NLR\BIBL_A\010814551
005 20260406022034.0
010 _a9785600003330
_9300
021 _aRU
_b2015-47699
_92838
035 _a(NILC)RuMoRGB-007964645
035 _a(NLR Aleph) 010814551
090 _a10217958
_c10217958
100 _a20150807d2014 um y0rusy50 ca
101 0 _arus
102 _aRU
_aRU
105 _aach|z|||000ca
200 1 _aЭхо Кельч-Острога
_e[сборник произведений
_e(повесть, рассказы, стихи)]
_fЕлена Царева-Блохина
210 _aМосква
_cЕ. А. Царева-Блохина
_d2014
215 _a171, [6] с., [8] л. ил., портр., цв. ил., факс.
_cил., портр.
_d21 см
686 2 _aШ6(2=Р)8я44
700 1 _8rus
_7ca
_aЦарева-Блохина
_bЕ. А.
_gЕлена Анатольевна
_3RU\NLR\AUTH\77123595
_9106520
801 0 _aRU
_bРГБ
_c20150630
_gRCR
801 2 _aRU
_bРГБ
_c20150703
_grcr
942 _cBOOK
980 _aNBR